| 000 | 00933nam a2200277 a 4500 | ||
|---|---|---|---|
| 001 | 000108577 | ||
| 003 | CHAP | ||
| 005 | 20220329144017.0 | ||
| 008 | 140225s2013 it bdj |r| ||||||fre d | ||
| 010 | _a105039 | ||
| 011 | _a106011 | ||
| 020 | _a9789252072843 | ||
| 040 | _cCHAP | ||
| 082 | 0 | 4 |
_a363.8 _bF211f |
| 245 | 1 | 0 |
_aCadre intégre de classification de la sécurite alimentaire. Manuel technique, version, 2.0 : _bPreuves et normes pour de meilleures décisions en séciroté alimentaire / _cpor FAO. |
| 260 |
_aRoma : _bFAO, _c2013. |
||
| 300 |
_ax, 133 p. : _bdiagrs., maps., tabs. _e; + 4 hojas plegables |
||
| 590 |
_aE5995AHE _b05 _c20140225 _lUCH01 _h1207 |
||
| 650 | 1 | 4 |
_aPolítica alimentaria. _990389 |
| 650 | 1 | 4 |
_aProyectos de desarrollo. _992528 |
| 650 | 1 | 4 |
_aSeguridad alimentaria _xClasificación. _9125606 |
| 650 | 1 | 4 |
_aSuministro de alimentación. _9125605 |
| 901 | _aBK | ||
| 942 | _cLIBRO | ||
| 942 | _n0 | ||
| 999 |
_c105039 _d105039 |
||